书目信息 |
| 题名: |
行走的记忆
|
|
| 作者: | 马骋 著 | |
| 分册: | ||
| 出版信息: | 上海 上海大学出版社 2010.06 |
|
| 页数: | 128页 | |
| 开本: | 24cm | |
| 丛书名: | ||
| 单 册: | ||
| 中图分类: | I267.4 | |
| 科图分类: | ||
| 主题词: | 游记 , 游记--作品集--中国--当代 | |
| 电子资源: | ||
| ISBN: | 978-7-81118-622-2 | |
| 000 | 00762nam0 2200253 450 | |
| 001 | 1138277892 | |
| 005 | 20111228103832.85 | |
| 010 | @a978-7-81118-622-2@dCNY45.00 | |
| 090 | @aI267.4@bmc | |
| 096 | @aI267.1@bmc | |
| 100 | @a20100907d2010 em y0chiy50 ea | |
| 101 | 0 | @achi |
| 102 | @aCN@b310000 | |
| 105 | @aa z 000cy | |
| 200 | 1 | @a行走的记忆@9xing zou de ji yi@b专著@f马骋著 |
| 210 | @a上海@c上海大学出版社@d2010.06 | |
| 215 | @a128页@c彩照@d24cm | |
| 330 | @a本书收录了作者的随笔作品,包括《身在蓬莱即为仙》、《一声叹息藏书楼》、《信仰民俗的风采》等。 | |
| 606 | 0 | @a游记 |
| 606 | 0 | @a游记@x作品集@y中国@z当代 |
| 690 | @aI267.4@v4 | |
| 701 | 0 | @a马骋@c(文化学者)@9ma cheng@4著 |
| 801 | 0 | @aCN@b110120@c20100716 |
| 905 | @aZUCC@dI267.4@eM023 | |
| 行走的记忆/马骋著.-上海:上海大学出版社,2010.06 |
| 128页:彩照;24cm |
| ISBN 978-7-81118-622-2:CNY45.00 |
| 本书收录了作者的随笔作品,包括《身在蓬莱即为仙》、《一声叹息藏书楼》、《信仰民俗的风采》等。 |
| ● |
| 相关链接 |
|
|
|
正题名:行走的记忆
索取号:I267.4/M023
 
预约/预借
| 序号 | 登录号 | 条形码 | 馆藏地/架位号 | 状态 | 备注 |
| 1 | 467195 | 204671952 | 文学库116/116文学库 12排1列2层/ [索取号:I267.4/M023] | 在馆 | |
| 2 | 467196 | 204671961 | 文学库116/116文学库 12排1列2层/ [索取号:I267.4/M023] | 在馆 |